Fr. Conceicao Rodrigues College of Engineering

Computerbased Excercises for Signal Processing Using MATLAB (Record no. 25606)

MARC details
000 -LEADER
fixed length control field 00320nam a2200133Ia 4500
100 ## - MAIN ENTRY--PERSONAL NAME
Personal name Burrus/Sidney C
245 ## - TITLE STATEMENT
Title Computerbased Excercises for Signal Processing Using MATLAB
260 ## - PUBLICATION, DISTRIBUTION, ETC.
Name of publisher, distributor, etc. Prentice Hall
Place of publication, distribution, etc. NONE
Date of publication, distribution, etc. 1994
300 ## - PHYSICAL DESCRIPTION
Extent 404
546 ## - LANGUAGE NOTE
Language note ENGLISH
654 ## - SUBJECT ADDED ENTRY--FACETED TOPICAL TERMS
Focus term computer
942 ## - ADDED ENTRY ELEMENTS (KOHA)
Koha item type BOOK
Holdings
Withdrawn status Lost status Damaged status Not for loan Collection Home library Current library Date acquired Total Checkouts Full call number Barcode Date last seen Price effective from Koha item type
        CRC Fr. Agnel's C.Rodrigues College of Engineering Fr. Agnel's C.Rodrigues College of Engineering 17/03/2023   10429 17/03/2023 17/03/2023 BOOK